000 00661nam a2200229Ia 4500
003 OSt
005 20220926013146.0
006 a|||||r|||| 00| 0
007 ta
008 220923b |||||||| |||| 00| 0 eng d
037 _cGeneral Book
040 _aRTL
_cRTL
_beng
041 _2eng
_aeng
082 _aX:8:(S:44), L1
100 _aMewman Joseph W
_9317885
245 0 _aManagment applications of decision theory
260 _aNew York
_bHarper and Row USA
_c1971
300 _axiv, 210p Appendixes p 205-07
_ccm.
650 _aManagement
_930681
942 _hX:8:(S:44), L1
_cGB
_2CC
999 _c625294
_d625294